000 01444cam a2200337 i 4500
003 SA-RiAUC
005 20241106075108.0
008 241105s2010 mr g b i001r0 ara c
020 _a998103018X
040 _aoqu
_bara
_cSA-RiAUC
_erda
050 4 _b.I37 2010
082 0 4 _a258.2
_qSA-RiAUC
090 _a258.2
_bت م س
100 1 _aالتمسماني الإدريسي، محمد
_eمؤلف.
245 1 2 _aالاجتهاد الذرائعي في المذهب المالكي وأثره في الفقه الإسلامي قديما وحديثا /
_cمحمد التمسماني الإدريسي.
250 _aالطبعة الأولى.
264 1 _aالرباط :
_bالرابطة المحمدية للعلماء، مركز الدراسات والأبحاث وإحياء التراث،
_c2010
300 _a828 صفحة ؛
_c24 سم.
336 _aنص
_btxt
_2rdacontent
_3كتاب
337 _aبدون وسيط
_bn
_2rdamedia
338 _aمجلد
_bnc
_2rdacarrier
490 0 _aسلسلة دراسات وأبحاث ؛
_v4
500 _aيشتمل على كشاف.
504 _aيشتمل على إرجاعات ببليوجرافية.
504 _aببليوجرافية : صفحة 767-806.
650 7 _aالاجتهاد (أصول فقه)
_2aucsh
650 7 _aالفقه المالكي
_2aucsh
650 7 _aسد الذرائع
_2aucsh
942 _2ddc
_cBOOK
_n0
949 _aSA-JeALM
_d241105
_umohamedma123
_n1
999 _c2079
_d2079